| 000 | 00480nam a22001817a 4500 | ||
|---|---|---|---|
| 005 | 20170201114400.0 | ||
| 008 | 170201b xxu||||| |||| 00| 0 eng d | ||
| 020 | _a9781284101508 | ||
| 040 | _cPK-LaUMT | ||
| 082 |
_a155.9042 _bSEA-E |
||
| 100 | _aSeaward, Brian Luke | ||
| 245 |
_aEssentials of managing stress / _cBrian Luke Seaward |
||
| 250 | _a4th ed. | ||
| 260 |
_aBurlington : _bJones & Bartlett Learning, _c2017 |
||
| 300 | _a371 p. | ||
| 650 | _aStress | ||
| 942 | _cBK | ||
| 999 |
_c90671 _d90671 |
||